[Event "Orbis GM 2018"]
[Site "Paracin"]
[Date "2018.07.15"]
[Round "3"]
[White "Radovanovic, Mihajlo"]
[Black "Raghunandan, Kaumandur Srihari"]
[Result "1-0"]
[WhiteElo "2402"]
[BlackElo "2417"]
[Annotator "TA"]
[PlyCount "95"]
[EventDate "2018.??.??"]
[EventCountry "SRB"]
[SourceTitle "playchess.com"]
[Source "ChessBase"]
[SourceQuality "1"]

{[%evp 26,95,12,-27,-45,-60,0,0,0,-31,14,0,0,0,0,0,0,0,0,-24,-12,-22,-19,-15,-7,-7,-7,-8,-7,-11,-10,-11,-5,-19,-16,-53,-40,-95,-86,-112,-95,-172,-143,-143,-145,-142,-138,-118,105,105,102,104,98,101,357,307,344,364,427,421,385,391,557,547,1314,1267,1209,1017,12834,2139,2612,1560]} 1. Nf3 Nf6 2. g3 g6 3. Bg2 Bg7 4. c4 O-O 5. O-O c5 6. d4 cxd4 7. Nxd4 Nc6 8. Nc3 Qa5 9. Nb3 Qh5 10. c5 {A39: Symmetrical English vs ...g6: 4 Bg2 Bg7 5 Nf3 Nf6 6 0-0 0-0 7 d4} a5 11. a4 (11. e3 a4 12. Nd4 Qxc5 13. Nxa4 Qa5 14. b3 e5 15. Bd2 Qa6 16. Nc5 Qa7 17. Nxc6 dxc6 {0-1 (70) Fedoseev,V (2718)-Svidler,P (2765) St Petersburg 2017}) 11... d5 12. cxd6 Rd8 13. e4 Bg4 14. f3 {LiveBook: 3 Games} Be6 15. Bf4 exd6 $146 ({Better is} 15... g5 $15 16. g4 Nxg4 17. fxg4 Bxg4) ({Predecessor:} 15... g5 16. Be3 exd6 17. Nd4 d5 18. Nxe6 fxe6 {1-0 (32) Andersen,M (2456)-Szabo,B (2279) Budapest 2015}) 16. g4 $11 Qh4 17. Re1 d5 18. Bg3 Qh6 19. e5 d4 20. Nb5 Nd5 21. N3xd4 Nf4 22. Bxf4 Qxf4 23. Nxe6 fxe6 24. Qc1 $1 {[%cal Rc1f4]} Qxc1 ({Don't play} 24... Rd2 25. Re4 $14) 25. Raxc1 {aiming for Nc7.} Bxe5 26. Rc2 Rac8 27. Rce2 Bd4+ 28. Kh1 e5 29. g5 Nb4 30. Rd2 Nc2 $36 {[%mdl 2048] White is under pressure.} 31. Rb1 (31. Rc1 $15 Ne3 32. Rxc8 Rxc8 33. h4) 31... Be3 $17 32. Re2 {[#]} Bf4 $1 {White must now prevent ...Nd4.} 33. h4 (33. Nc3 $17 Nd4 34. Re4) 33... Ne3 34. Bh3 Nf5 35. Bxf5 gxf5 36. Kg2 Rd2 $2 (36... Kg7 $17 {stays on course.} 37. b4 axb4 38. Rxb4 Rc1) 37. Rxd2 $16 Bxd2 {[%mdl 4096] Endgame KRB-KRN} 38. Nd6 Rc2 {...Bb4+ is the strong threat.} 39. Kh3 f4 $2 {[%mdl 8192]} (39... h6 $16) 40. Kg4 Be3 41. Ne4 ({Less strong is} 41. Nxb7 e4 $16) 41... Kg7 42. b4 axb4 43. Rxb4 b6 {[#]} (43... Rc7 $142 44. a5 Ba7) 44. a5 $1 $18 {[%mdl 512] White is clearly winning.} bxa5 45. Rb7+ Kf8 46. Rxh7 a4 47. g6 {White threatens Nf6 and mate.} Rc6 48. Rf7+ {Precision: White = 63%, Black = 37%.} 1-0

[Event "Orbis GM 2018"]
[Site "Paracin"]
[Date "2018.07.15"]
[Round "3"]
[White "Peng, Shunkai"]
[Black "Ikeda, Junta"]
[Result "1-0"]
[WhiteElo "2390"]
[BlackElo "2437"]
[Annotator "TA"]
[PlyCount "81"]
[EventDate "2018.??.??"]
[EventCountry "SRB"]
[SourceTitle "playchess.com"]
[Source "ChessBase"]
[SourceQuality "1"]

{[%evp 11,81,-34,-39,-43,-60,-116,-116,-112,-91,-78,-91,-103,0,0,0,0,15,-37,33,-8,43,79,104,44,32,21,102,93,89,49,31,0,0,-27,9,6,50,31,82,91,87,70,121,64,133,70,348,351,335,354,342,323,576,529,541,366,345,352,1112,1097,937,472,464,465,453,457,440,398,619,606,681,536]} 1. e4 c5 2. b3 g6 3. Bb2 Nf6 4. e5 Nd5 5. h4 {[%cal Bh2h4,Bh4h5][%mdl 32]} Bg7 6. h5 {B20: Sicilian: Unusual White 2nd moves} d6 {LiveBook: 3 Games} 7. Nf3 Bg4 8. Bb5+ (8. Nc3 $15 Nxc3 9. Bxc3) 8... Nc6 $17 9. hxg6 hxg6 10. Rxh8+ Bxh8 11. Qe2 Bxf3 $146 (11... dxe5 $17 {White must now prevent ...Nf4.} 12. Qc4 Bxf3 13. Bxc6+ bxc6 14. gxf3 Nf4) ({Predecessor:} 11... dxe5 12. Bxe5 Bxe5 13. Qxe5 {1-0 (35) Navara,D (2734)-Wojtaszek,R (2727) Huaian 2016}) 12. Qxf3 $11 Bxe5 13. Bxe5 dxe5 14. Na3 (14. Nc3 $11 e6 15. O-O-O) 14... Rc8 (14... Qd7 $15) 15. Nc4 {[%mdl 1024] White has compensation.} Ndb4 (15... Kf8 $11 16. c3 Nf4) 16. O-O-O $14 {aiming for Rh1.} e4 17. Qg4 (17. Qxe4 $16 {And now a3 would win.} Qd4 18. Qxd4 cxd4 19. a3) 17... Qd7 $1 {[%cal Rd7g4]} 18. Qh4 {[%cal Rh4h8]} Qd4 (18... Qf5 $11) 19. c3 $16 Nd3+ 20. Kb1 Qd5 $1 21. Rh1 $40 {[%mdl 128] White has some attack.} Kd7 22. Ne3 Qe5 23. f3 Nf4 24. g3 Nd5 {[#]} (24... Nd3 $14) 25. Nc4 $1 ({Much weaker is} 25. Qxe4 Qxe4+ 26. fxe4 Nxe3 $15) ({Don't play} 25. fxe4 $6 Nxe3 26. dxe3 Kc7 $11) 25... Qe6 26. Re1 Nf6 (26... e3 $14 27. Nxe3 Nxe3 28. Rxe3 Qf6) 27. fxe4 (27. g4 $16) 27... Rg8 ({Black should try} 27... Rd8 $14) 28. d4 (28. g4 $16) 28... g5 $2 {[%mdl 8192] [#]} ({Black should play} 28... Kc8 $14) 29. Qh1 $1 $18 {Hoping for d5.} cxd4 30. cxd4 {[%cal Bc3d4,Bd4d5][%mdl 32]} Kc8 31. d5 Qd7 $2 (31... Nxd5 {was called for.} 32. exd5 Qf5+ 33. Re4 Qxd5) 32. Rd1 Rd8 33. Rd2 Qc7 34. dxc6 bxc6 $2 (34... Rxd2 35. Nxd2 bxc6) 35. Ba6+ Kb8 36. Qe1 Rxd2 37. Qxd2 ({Weaker is} 37. Nxd2 Qa5 $18) 37... Nxe4 38. Qd4 {Qh8+ would kill now.} Nf6 39. Ne5 Nd5 (39... Qd6 $142 40. Qxd6+ exd6) 40. Nxf7 {White wants to mate with Qh8+.} Qd7 {intending ...Qf5+.} 41. Kb2 {Precision: White = 53%, Black = 35%.} 1-0

[Event "Orbis GM 2018"]
[Site "Paracin"]
[Date "2018.07.15"]
[Round "3"]
[White "Raja, Rithvik R"]
[Black "Atalik, Suat"]
[Result "1/2-1/2"]
[WhiteElo "2343"]
[BlackElo "2509"]
[Annotator "TA"]
[PlyCount "80"]
[EventDate "2018.??.??"]
[EventCountry "SRB"]
[SourceTitle "playchess.com"]
[Source "ChessBase"]
[SourceQuality "1"]

{[%evp 15,80,21,28,7,9,-6,25,16,20,0,0,0,0,0,5,-2,5,-10,-6,-3,0,0,0,0,0,0,0,0,0,0,0,0,0,0,0,0,0,0,0,0,0,0,0,0,0,0,0,0,0,0,0,0,0,0,0,0,0,0,0,0,0,0,0,0,0,0,0]} 1. Nf3 Nf6 2. c4 g6 3. Nc3 d5 4. cxd5 Nxd5 5. h4 Nxc3 6. dxc3 {A16: English Opening: 1...Nf6 with ...d5} Qxd1+ 7. Kxd1 f6 (7... h5 8. Bf4 f6 9. Bxc7 Na6 10. Bg3 Bf5 11. Nd4 O-O-O 12. Kc1 Nc5 13. Nxf5 gxf5 {1-0 (39) Korobov,A (2678)-Sutovsky,E (2647) Poikovsky 2018}) 8. e4 e5 {LiveBook: 4 Games} 9. Bc4 h5 $146 ({Predecessor:} 9... Bc5 10. Bh6 Ke7 11. Kc2 Be6 12. Nd2 Nd7 13. Rhf1 a5 14. a4 Rhd8 15. Bxe6 Kxe6 {0-1 (54) Sukandar,I (2421)-Chirila,I (2533) chess.com INT 2017}) 10. Be3 Bh6 11. Bxh6 Rxh6 {The position is equal.} 12. Kc2 Nd7 13. Nd2 Nb6 14. Bb3 Ke7 15. a4 a5 16. Nc4 (16. f4 {is more complex.} Nd7 17. g3 Rh8 18. Bc4 Rd8 19. Rhg1) 16... Nxc4 17. Bxc4 Bd7 18. f3 Rhh8 19. Rhd1 Rhd8 20. Rd2 b6 21. b3 Be6 22. Rxd8 Rxd8 23. Bxe6 Kxe6 24. Rd1 Rxd1 (24... Rg8 {looks sharper.} 25. Rh1 f5 26. Kd3 Rd8+ 27. Ke2 fxe4 28. fxe4 Kf6) 25. Kxd1 $11 {[%mdl 4096] Endgame KP-KP} Kd6 26. b4 axb4 27. cxb4 c5 28. Kc2 cxb4 {[#] And now ...f5 would win.} 29. Kb3 g5 30. hxg5 fxg5 {Threatens to win with ...Kc5.} 31. Kxb4 Kc7 32. Kb5 Kb7 33. Kc4 {[#] Hoping for Kd5.} Kc6 34. Kb4 $1 Kb7 35. Kb5 Kc7 36. Kb4 (36. Kc4 $5 {[%cal Rc4d5]} Kc6 37. Kb4 $11) 36... Kc6 37. Kc4 $1 Kd6 38. Kb5 Kc7 39. Kb4 Kd6 40. Kb5 Kc7 {Precision: White = 79%, Black = 84%.} 1/2-1/2

[Event "Orbis GM 2018"]
[Site "Paracin"]
[Date "2018.07.16"]
[Round "4"]
[White "Atalik, Suat"]
[Black "Ikeda, Junta"]
[Result "1-0"]
[WhiteElo "2509"]
[BlackElo "2437"]
[Annotator "TA"]
[PlyCount "55"]
[EventDate "2018.??.??"]
[EventCountry "SRB"]
[SourceTitle "playchess.com"]
[Source "ChessBase"]
[SourceQuality "1"]

{[%evp 11,55,7,22,0,73,50,132,73,196,156,172,150,150,150,168,129,182,183,208,156,241,182,158,97,168,182,147,183,185,179,174,139,288,206,798,786,768,784,788,784,911,821,744,465,29996,29997]} 1. d4 f5 2. c4 Nf6 3. Nc3 d6 4. Bg5 Nbd7 5. Qc2 g6 6. Nh3 {A85: Dutch Defence: 2 c4 Nf6 3 Nc3} (6. h4 Bg7 7. O-O-O c6 8. Nh3 Nf8 9. e3 Qa5 10. Kb1 Ne6 11. Be2 Bd7 12. Bxf6 Bxf6 13. g4 {1-0 (30) Nakamura,H (2787)-Anton Guijarro,D (2639) Gibraltar 2016 CBM 171 [Meulders,R]}) 6... e5 {LiveBook: 5 Games} 7. O-O-O Be7 $146 (7... exd4 $11 8. Rxd4 h6) ({Predecessor:} 7... Bg7 8. dxe5 Nxe5 9. c5 O-O 10. Qb3+ Kh8 11. Nd5 h6 12. Be3 Nxd5 13. Qxd5 {0-1 (36) Osborne,M (2283)-Sowray,P (2323) Crawley 2013}) 8. c5 $16 {White is better.} e4 {[#]} ({Black should try} 8... exd4 $14 9. cxd6 cxd6 10. Rxd4 Ne5) 9. f3 (9. Nf4 $142 $1 {[%cal Rf4e6]} c6 10. cxd6 (10. Ne6 Qa5 $16) 10... Bxd6 11. d5) 9... O-O (9... dxc5 $16 10. fxe4 Ng4 11. Bxe7 Qxe7) 10. Bh6 (10. fxe4 Nxe4 11. Nxe4 fxe4 $11) 10... d5 11. Nf4 ({Don't take} 11. Bxf8 $6 Nxf8 12. e3 c6 $14) 11... Nb8 12. h4 {[%cal Bh2h4,Bh4h5][%mdl 32]} c6 13. h5 g5 (13... Nxh5 $16 14. Bxf8 (14. Nxh5 Bg5+ 15. Bxg5 Qxg5+ 16. f4 Qg4 $16) 14... Nxf4) 14. Bxg5 $18 b6 15. g4 bxc5 (15... fxg4 $16 {was necessary.} 16. Bh6 bxc5) 16. dxc5 fxg4 17. Bh6 (17. e3 $142) 17... Bxc5 (17... Na6 $16) 18. Ncxd5 $1 cxd5 19. Qxc5 Rf7 {Threatens to win with ...Rc7.} 20. Nxd5 Na6 21. Qd4 Bf5 (21... Be6 $16 22. fxe4 Rb8) 22. Nc3 Qa5 $2 (22... Qxd4 23. Rxd4 Re8) 23. fxg4 {[%cal Bf3g4,Bg4g5][%mdl 32]} Be6 24. g5 Ng4 25. Bh3 Rc8 26. Bxg4 Bxg4 27. Rhf1 {White wants to mate with Rxf7.} Rd7 {[#]} (27... Qb6 $18) 28. Qc4+ $1 {[%mdl 512] Precision: White = 71%, Black = 26%.} 1-0

[Event "Orbis GM 2018"]
[Site "Paracin"]
[Date "2018.07.16"]
[Round "4"]
[White "Yilmazyerli, Mert"]
[Black "Radovanovic, Mihajlo"]
[Result "1/2-1/2"]
[WhiteElo "2491"]
[BlackElo "2402"]
[Annotator "TA"]
[PlyCount "37"]
[EventDate "2018.??.??"]
[EventCountry "SRB"]
[SourceTitle "playchess.com"]
[Source "ChessBase"]
[SourceQuality "1"]

{[%evp 19,37,24,47,33,31,0,16,0,14,-7,15,-7,0,0,0,0,0,0,3,0]} 1. e4 c5 2. Nc3 Nc6 3. Nf3 g6 4. d4 cxd4 5. Nxd4 Bg7 6. Be3 Nf6 7. Bc4 O-O 8. Bb3 Re8 {B35: Sicilian: Accelerated Dragon with 5 Nc3: main line} 9. O-O (9. f3 e6 10. f4 d6 11. Ndb5 Bf8 12. Qf3 a6 13. Nd4 Na5 14. O-O b5 15. f5 exf5 16. exf5 {½-½ (39) Navara,D (2745)-Mamedov,R (2704) Shamkir 2018}) 9... d6 10. h3 Bd7 {LiveBook: 3 Games. White has an edge.} 11. Re1 Na5 12. Qd3 a6 {The position is equal.} 13. Rad1 $146 ({Predecessor:} 13. Bg5 Nxb3 14. axb3 h6 15. Be3 e6 16. Rad1 Bf8 17. f4 Re7 18. e5 {½-½ (69) Stambulian,A (2371)-Meister,J (2473) Krasnodar 2001}) 13... Rc8 14. Nd5 Nxb3 15. axb3 Nxd5 16. exd5 Qa5 17. c4 b5 18. Ra1 Qb4 {[%cal Rb5c4]} 19. Rec1 1/2-1/2

[Event "Orbis GM 2018"]
[Site "Paracin"]
[Date "2018.07.16"]
[Round "4"]
[White "Raghunandan, Kaumandur Srihari"]
[Black "Peng, Shunkai"]
[Result "1-0"]
[WhiteElo "2417"]
[BlackElo "2390"]
[Annotator "TA"]
[PlyCount "67"]
[EventDate "2018.??.??"]
[EventCountry "SRB"]
[SourceTitle "playchess.com"]
[Source "ChessBase"]
[SourceQuality "1"]

{[%evp 16,67,0,0,17,7,8,0,20,-2,4,-19,0,0,-1,-2,6,-29,-21,-56,-66,-86,-19,-11,-10,-36,4,0,0,-7,8,15,3,18,21,16,43,50,46,33,23,16,36,0,208,212,219,201,199,150,270,247,1683,1576]} 1. Nf3 d5 2. g3 Nf6 3. Bg2 c6 4. O-O Bg4 5. d3 Nbd7 6. Nbd2 e5 7. h3 Bxf3 8. Bxf3 {A07: Réti Opening: New York and Capablanca Systems} Bc5 (8... Be7 9. b3 O-O 10. Bb2 Re8 11. e4 d4 12. Bg2 a5 13. a4 Bb4 {½-½ (52) Jakovenko,D (2704)-Malakhov,V (2713) Doha 2016}) 9. e4 {LiveBook: 8 Games} Qc7 10. c3 {The position is equal.} O-O 11. Bg2 $146 ({Predecessor:} 11. b4 Bb6 12. a4 a5 13. Qb3 axb4 14. cxb4 Bd4 15. Bb2 Bxb2 16. Qxb2 {0-1 (42) Guillemart,S (1799)-Battaglini,G (2434) Bastia 2012}) 11... Rad8 12. Qe2 Rfe8 13. Nf3 {[%cal Bd2f3,Bf3h4,Bh4f5][%mdl 32]} h6 14. Nh4 Bf8 15. Nf5 Kh7 16. Kh1 g6 17. Nh4 Nc5 18. b4 Ne6 (18... Na4 $17 19. Qc2 b5) 19. a3 $11 Bg7 20. Nf3 Kg8 21. Bb2 Nd7 22. h4 h5 23. Rfe1 dxe4 24. dxe4 a5 25. Bh3 Ndf8 26. Bc1 {[%cal Bb2c1,Bc1e3,Be3h6,Bh6f8][%mdl 32]} Kh7 27. Be3 Bh6 28. Ng5+ Kg7 29. bxa5 {aiming for Bxe6.} (29. Rf1 {with more complications.} a4 30. Rad1 Bxg5 31. hxg5 Rxd1 32. Qxd1 Qd8 33. Kh2) 29... Qxa5 $2 {[#]} (29... Bxg5 $1 $11 30. Bb6 (30. hxg5 Qxa5 31. Qc4 Qc7 $11) (30. Bxg5 Nxg5 31. hxg5 Qxa5 $15) 30... Qd6) 30. Nxf7 $1 $18 {[%mdl 512]} Kxf7 31. Bxh6 Qxc3 32. Rab1 Qxa3 (32... b5 $16) 33. Rxb7+ Rd7 $2 (33... Kg8 34. Qc4 Rd6) 34. Bxf8 {Precision: White = 51%, Black = 27%.} 1-0

[Event "Orbis GM 2018"]
[Site "Paracin"]
[Date "2018.07.16"]
[Round "4"]
[White "Djordjevic, Vuk"]
[Black "Savic, Miodrag R"]
[Result "1/2-1/2"]
[WhiteElo "2403"]
[BlackElo "2541"]
[Annotator "TA"]
[PlyCount "153"]
[EventDate "2018.??.??"]
[EventCountry "SRB"]
[SourceTitle "playchess.com"]
[Source "ChessBase"]
[SourceQuality "1"]

{[%evp 12,153,21,14,24,19,39,20,44,16,47,20,30,2,16,9,14,0,14,18,25,-22,12,-39,0,-28,0,0,66,65,90,87,100,0,94,61,124,134,129,129,87,17,129,113,131,143,136,136,133,102,86,97,122,0,114,0,124,114,147,154,166,158,194,190,317,345,349,344,295,136,289,320,310,297,389,228,228,228,228,200,187,185,478,460,418,0,408,0,389,291,546,542,430,393,668,544,445,0,513,0,427,125,247,199,193,209,234,166,166,141,141,0,0,0,0,-37,0,0,0,-66,-8,-107,0,-8,-8,-5,0,0,0,0,70,0,52,58,45,50,100,78,119,0,0,0,152,0]} 1. d4 Nf6 2. Bg5 e6 3. e4 h6 4. Bxf6 Qxf6 5. c3 d6 6. Bd3 c5 {A45: Trompowsky Attack} (6... g6 7. Ne2 Bg7 8. O-O O-O 9. f4 Qe7 10. e5 b6 11. Nd2 Bb7 12. Be4 Bxe4 13. Nxe4 Rd8 14. Qe1 {0-1 (62) Moiseenko,A (2667)-Wang,Y (2690) Riadh 2017}) 7. Nf3 {LiveBook: 4 Games} Nd7 8. O-O a6 $146 {The position is equal.} ({Predecessor:} 8... Qd8 9. e5 cxd4 10. cxd4 dxe5 11. dxe5 g6 12. Qa4 Bg7 13. Rd1 a6 14. Nc3 {1-0 (35) Loeffler,S (2432)-Polak,T (2466) Austria 2005}) 9. Re1 Qd8 10. a4 (10. d5 $5 {[%cal Rd5e6]}) 10... b6 11. b4 Be7 12. bxc5 bxc5 13. Nbd2 O-O 14. Rb1 Qc7 15. Nc4 Rb8 16. Qe2 Bb7 17. a5 (17. d5 $11) 17... Ba8 18. Ra1 cxd4 19. cxd4 Rfc8 (19... Qa7 $11) 20. Ncd2 $14 Qa7 21. Bxa6 Rc3 22. Rec1 (22. Bb5 $16) 22... Qc7 (22... Rxc1+ $1 $11 23. Rxc1 Nf6) 23. Qd1 Bd8 (23... g5 $14) 24. Rcb1 $1 $16 Nf6 25. Rxb8 Qxb8 26. Qb1 (26. Qe1 $1 $16) 26... Qa7 (26... Qxb1+ $11 27. Rxb1 Bc7) 27. Bf1 d5 {[%cal Rd5e4]} 28. e5 Ne4 29. Qb4 Rc8 30. Qa4 Bc6 31. Qc2 Bb7 32. Qa4 Bc6 $1 {[%cal Rc6a4]} 33. Qc2 (33. Qa2 $16) 33... g5 (33... Bb7 $1 $11 {keeps the balance.} 34. Qd3 Rb8) 34. h3 h5 35. Nb3 Bd7 36. Qd1 Rc3 37. a6 g4 (37... Bc6 {might work better.} 38. Rc1 Rxc1 39. Qxc1 Qb6) 38. hxg4 $18 hxg4 39. Nfd2 g3 40. fxg3 (40. Nxe4 $18 dxe4 41. Nc5) 40... Nxd2 $2 (40... Rxg3 $16 41. Nxe4 dxe4) 41. Qg4+ Kf8 42. Nxd2 Bb6 43. Qg5 (43. Rb1 $142) 43... Bxd4+ 44. Kh2 Bg1+ 45. Kh1 {Strongly threatening Qd8+.} Be3 46. Qd8+ Kg7 $2 (46... Be8 {was necessary.}) 47. Qf6+ Kg8 48. Qd8+ Kg7 $1 49. Qf6+ Kg8 50. Nf3 ({Not} 50. Qd8+ Kg7 $18) 50... Rc1 $2 (50... Bc6 {keeps fighting.} 51. Ng5 Rc1 52. Rxc1 Bxc1) 51. Rxc1 Bxc1 52. Bd3 Bc6 $2 (52... Be8 53. Qd8 Qd7) 53. Qd8+ Kg7 54. Qf6+ Kg8 $1 55. Qd8+ Kg7 56. Qd6 $2 (56. Qh4 $18 {is more deadly.} Be3 57. g4) 56... Qa8 (56... Ba8 $16) 57. Qe7 {Black must now prevent Qf6+.} Qh8+ 58. Nh4 Be3 59. Kh2 Qf8 60. Qf6+ Kg8 61. Qf3 (61. Kh3 $16) 61... Qh6 $11 62. Qd1 {White wants to play Qc2.} Qg5 63. Qf3 Qxe5 64. Qg4+ Qg5 65. Qf3 ({Better is} 65. Qb4 $11) 65... Ba7 (65... Kg7 $15) 66. Kh3 (66. Qf4 $1 $11 Qxf4 67. gxf4) 66... Qc1 (66... Bd7 $1 $17 {...e5+ is the strong threat.} 67. g4 Qc1) 67. Qg4+ Kf8 {[%cal Rc1h1]} 68. Qb4+ Qc5 69. Qf4 {And now Ng6+ would win.} Ke7 70. Nf3 f6 (70... Bb6 $11) 71. Qg4 (71. Qh6 $14) 71... Qe3 ({Black should play} 71... Kd7 $11) 72. Qg7+ $14 Kd6 73. Qf8+ Kc7 74. Qe7+ $1 Kc8 75. Qf8+ (75. Qxf6 $16 {aiming for Ne5.} Qxd3 76. Qxe6+ Kc7 77. Qxc6+ $1 {[%mdl 512]} Kxc6 78. Ne5+ Kb5 79. Nxd3) 75... Kc7 $11 76. Qe7+ $2 ({White should try} 76. Bg6 $11) 76... Kc8 $16 77. Qf8+ $2 {Precision: White = 42%, Black = 39%.} (77. Qxf6 $16 Qxd3 78. Qxe6+ Kc7 {[#]} 79. Qxc6+ $1 {[%mdl 512]} Kxc6 80. Ne5+ Kb6 81. Nxd3) 1/2-1/2

[Event "Orbis GM 2018"]
[Site "Paracin"]
[Date "2018.07.16"]
[Round "4"]
[White "Raja, Rithvik R"]
[Black "Lorparizangeneh, Shahin"]
[Result "1-0"]
[WhiteElo "2343"]
[BlackElo "2493"]
[Annotator "TA"]
[PlyCount "57"]
[EventDate "2018.??.??"]
[EventCountry "SRB"]
[SourceTitle "playchess.com"]
[Source "ChessBase"]
[SourceQuality "1"]

{[%evp 20,57,11,7,10,1,11,5,19,8,15,14,7,1,12,0,16,15,23,13,11,10,12,15,30,37,501,496,492,493,454,468,29981,29977,29996,29997,29997,29996,29996,29997]} 1. d4 Nf6 2. c4 e6 3. g3 d5 4. Nf3 dxc4 5. Bg2 Bb4+ 6. Bd2 a5 7. Qc2 {E04: Katalanisch} (7. a3 Bd6 8. Qa4+ Nc6 9. Qxc4 O-O 10. Bc3 Qe8 11. Ne5 Nd5 12. Nxc6 bxc6 13. Qd3 Ba6 14. Qc2 c5 15. dxc5 Bxc5 16. O-O Bb6 {½-½ (16) Wojtaszek,R (2738)-Korobov,A (2664) Batumi 2018}) 7... Bxd2+ 8. Qxd2 c6 9. a4 Ne4 10. Qf4 Qb6 11. O-O {LiveBook: 6 Partien} Qxb2 12. Ne5 O-O $1 13. Na3 $1 Nc3 14. Qe3 Nxe2+ 15. Kh1 $146 Nc3 $1 16. Naxc4 Qb4 17. Rfc1 $1 {[%cal Rc1c3]} Nd5 18. Bxd5 $1 exd5 ({Bitte nicht} 18... cxd5 $6 19. Rab1 $16) 19. Nd3 Qxc4 20. Rxc4 dxc4 21. Nf4 $1 Na6 22. Nh5 $36 {[%mdl 2048] [#] Droht Dg5 und aus. Weiss hat gut koordiniertes Spiel.} Nb4 $2 {[%mdl 8192]} (22... Kh8 $14) 23. Qg5 $18 {[%csl Gh5][%cal Rg5g7]} g6 24. Nf6+ Kg7 25. Qe5 {Beabsichtigt Se8+ und Matt.} Kh6 (25... Rg8 $18 26. d5 Nd3) 26. g4 {Weiß setzt Matt.} g5 {[#]} 27. h4 $1 {[%mdl 512]} gxh4 28. Qh5+ Kg7 29. Qg5+ {Precision: Weiß = 90%, Schwarz = 35%.} 1-0

[Event "Orbis GM 2018"]
[Site "Paracin"]
[Date "2018.07.17"]
[Round "5"]
[White "Savic, Miodrag R"]
[Black "Raja, Rithvik R"]
[Result "1/2-1/2"]
[WhiteElo "2541"]
[BlackElo "2343"]
[Annotator "TA"]
[PlyCount "71"]
[EventDate "2018.??.??"]
[EventCountry "SRB"]
[SourceTitle "playchess.com"]
[Source "ChessBase"]
[SourceQuality "1"]

{[%evp 14,71,19,-20,6,0,0,8,12,14,16,8,21,7,4,1,25,20,25,30,39,25,31,22,37,33,25,25,58,51,94,79,97,66,53,46,48,30,32,24,23,0,0,0,0,0,0,-28,0,0,0,-22,-17,-17,0,-26,0,0,0,-4]} 1. e4 c5 2. c3 Nf6 3. e5 Nd5 4. Nf3 e6 5. d4 cxd4 6. cxd4 d6 7. a3 Bd7 {B22: Sicilian: 2 c3} (7... Be7 8. Bd3 O-O 9. O-O b6 10. Qc2 g6 11. Bh6 Re8 12. Nbd2 Ba6 13. Bxa6 Nxa6 14. Ne4 dxe5 15. Nxe5 Rc8 {1-0 (51) Wang,H (2709)-Harikrishna,P (2744) Huaian 2017}) 8. Nbd2 {LiveBook: 6 Games} Bc6 9. Nc4 Nd7 $146 ({Predecessor:} 9... dxe5 10. Ncxe5 Nd7 11. Bd3 Nxe5 12. Nxe5 Bd6 13. Nxc6 bxc6 14. Qg4 g6 15. O-O {½-½ (27) Kislinsky,A (2574)-Cvek,R (2540) Ledec nad Sazavou 2013}) 10. exd6 N7f6 11. Nfe5 Bxd6 12. Nxc6 bxc6 13. g3 O-O 14. Bg2 Be7 15. O-O Rc8 16. Bd2 c5 17. dxc5 Bxc5 18. Rc1 Qe7 19. b4 Bd4 20. Qe2 Rc7 21. Qd3 Rd8 22. Qxd4 {[#] Threatens to win with Qb2.} Nb6 {[%cal Bd5b6,Bb6c4,Bc4d2][%mdl 32]} 23. Qh4 Rxc4 24. Rxc4 Nxc4 25. Bc1 Qc7 26. Bg5 {[#] Hoping for Rc1.} Nd2 27. Bxf6 gxf6 28. Rd1 Qe5 29. Qg4+ Kf8 30. Rc1 Nb3 31. Rd1 Nd2 32. Qf4 Qxf4 33. gxf4 f5 34. b5 Ke7 35. a4 Nb3 36. Rb1 {Precision: White = 49%, Black = 34%.} 1/2-1/2

[Event "Orbis GM 2018"]
[Site "Paracin"]
[Date "2018.07.17"]
[Round "5"]
[White "Lorparizangeneh, Shahin"]
[Black "Atalik, Suat"]
[Result "1/2-1/2"]
[WhiteElo "2493"]
[BlackElo "2509"]
[Annotator "TA"]
[PlyCount "104"]
[EventDate "2018.??.??"]
[EventCountry "SRB"]
[SourceTitle "playchess.com"]
[Source "ChessBase"]
[SourceQuality "1"]

{[%evp 21,104,10,28,6,9,0,0,4,11,13,14,10,10,10,28,0,0,0,0,-4,-4,-4,-4,-4,-4,-4,-4,-4,0,-4,0,-4,0,0,0,0,0,-4,-4,-4,13,7,7,7,7,7,7,0,0,0,0,0,0,0,0,0,0,0,0,0,9,9,26,3,3,3,3,0,0,0,0,0,0,0,0,0,0,0,0,0,0,0,0,0,0]} 1. g3 d5 2. Nf3 Nf6 3. Bg2 e6 4. O-O Be7 5. c4 O-O 6. d4 dxc4 7. Qc2 a6 8. a4 Bd7 9. Qxc4 Bc6 10. Bf4 Nbd7 11. Nc3 Bd6 {LiveBook: 17 Games. E05: Open Catalan: 5 Nf3 Be7} 12. Bd2 (12. Bg5 h6 13. Bxf6 Nxf6 14. b4 Bd5 15. Nxd5 exd5 16. Qb3 Qe7 17. b5 Qxe2 18. Rfe1 Qc4 19. Qxc4 dxc4 20. Ne5 axb5 21. axb5 Rxa1 22. Rxa1 Bxe5 23. dxe5 {½-½ (42) Meier,G (2628)-Dominguez Perez,L (2739) chess.com INT 2018}) 12... a5 13. Qd3 Bb4 14. Rfe1 Re8 $146 (14... Bxf3 $5 15. Qxf3 (15. Bxf3 c6 $11) 15... c6 $11) ({Predecessor:} 14... b6 15. Rec1 Bb7 16. Bf4 c5 {½-½ (72) Lundin,J (2259)-Lengyel,B (2302) Budapest 2005}) 15. Qc2 Bxf3 16. Bxf3 c6 17. Red1 Qb6 18. Bg5 h6 19. Bxf6 Nxf6 20. Ne4 Nxe4 21. Bxe4 Rad8 22. e3 Rd6 23. Rd3 Qd8 24. Rad1 Re7 25. Qc4 Red7 26. Bg2 Qe7 27. h4 h5 28. Bf3 g6 29. Bg2 Kg7 30. b3 e5 (30... Kg8 {feels hotter.} 31. Qc2 Qd8 32. Qc4 Qc7 33. Qc2 Kg7) 31. dxe5 Qxe5 32. Rxd6 Rxd6 33. Rxd6 Qxd6 34. Be4 Qf6 35. Kf1 Qa1+ 36. Kg2 Qe5 37. Bf3 f5 (37... Qd6 {is interesting.} 38. Be2 Qf6 39. Qd3 Be1 40. Bf3 Bb4) 38. Qd4 Qxd4 39. exd4 $11 {[%mdl 4096] Endgame KB-KB} Bd6 40. d5 c5 41. Be2 f4 42. Kf3 fxg3 {The position is equal.} 43. fxg3 Kf6 44. Bd3 g5 45. hxg5+ Kxg5 46. Kg2 b6 47. Kh3 Bb8 48. Be2 Be5 49. Bd3 Bd6 50. Be2 Be5 51. Bd3 Bd6 52. Be2 Be5 {Precision: White = 78%, Black = 75%.} 1/2-1/2